| 000 | 00321nam a2200121Ia 4500 | ||
|---|---|---|---|
| 008 | 190216s9999||||xx |||||||||||||| ||und|| | ||
| 100 | _aGupta D C | ||
| 245 | 0 | _aIndian National Movement And Constitutional Development | |
| 260 |
_bSterling Publications _c1988 |
||
| 300 | _a422p | ||
| 650 | _aIndian History | ||
| 942 | _cBK | ||
| 999 |
_c19540 _d19540 |
||